000 00656cab a2200205 4500
001 ABS54202
008 090401t1995 xxu||||| |||| 00| 0 eng d
035 _a(Sirsi) u8993
041 _aeng
245 _aActs of parliament: definitions
260 _c1995
350 _a0
490 _aEstates Gazette
_v(9549) 9 December 1995, 122-123(2)
520 _aA Mainly for Students article defining acts of parliament. Covers public and general acts, private or local acts, hybrid bills, personal acts, parent acts, and consolidation acts.
650 _aACTS OF PARLIAMENT
650 _aLEGISLATION
690 _aLAW
942 _n0
948 _c04/03/1997
999 _c5571
_d5571